LEADER 02394nas 2200637-a 450 001 996336308903316 005 20231214213021.0 011 $a1944-7558 035 $a(DE-599)ZDB2480672-9 035 $a(OCoLC)237092790 035 $a(CKB)1000000000435832 035 $a(CONSER)--2008212844 035 $a(EXLCZ)991000000000435832 100 $a20080731a20099999 s-- a 101 0 $aeng 135 $aur||||||||||| 181 $ctxt$2rdacontent 182 $cc$2rdamedia 183 $acr$2rdacarrier 200 00$aAmerican journal on intellectual and developmental disabilities 210 $aWashington, DC $cAmerican Association on Intellectual and Developmental Disabilities 215 $a1 online resource (volumes) 300 $aRefereed/Peer-reviewed 311 $a1944-7515 517 1 $aAJIDD 531 $aAMERICAN JOURNAL ON INTELLECTUAL & DEVELOPMENTAL DISABILITIES 531 $aAM J INTELLECT DEV DISABIL 531 $aAJIDD-AM J INTELLECT 531 $aAJIDD-AM. J. INTELLECT. DEV. DISABIL 531 0 $aAm. j. intellect. dev. disabil. 606 $aIntellectual disability$vPeriodicals 606 $aPeople with mental disabilities$xEducation$zUnited States$vPeriodicals 606 $aDevelopmental disabilities$vPeriodicals 606 $aMentally Disabled Persons$xrehabilitation 606 $aDevelopmental Disabilities 606 $aIntellectual Disability 606 $aDevelopmental disabilities$2fast$3(OCoLC)fst00891785 606 $aIntellectual disability$2fast$3(OCoLC)fst01016625 606 $aPeople with mental disabilities$xEducation$2fast$3(OCoLC)fst01057393 607 $aUnited States$2fast 608 $aPeriodicals.$2fast 615 0$aIntellectual disability 615 0$aPeople with mental disabilities$xEducation 615 0$aDevelopmental disabilities 615 12$aMentally Disabled Persons$xrehabilitation. 615 12$aDevelopmental Disabilities. 615 22$aIntellectual Disability. 615 7$aDevelopmental disabilities. 615 7$aIntellectual disability. 615 7$aPeople with mental disabilities$xEducation. 676 $a362.3 712 02$aAmerican Association on Intellectual and Developmental Disabilities. 906 $aJOURNAL 912 $a996336308903316 996 $aAmerican journal on intellectual and developmental disabilities$92352527 997 $aUNISA LEADER 02655nam 2200685 450 001 9910813506303321 005 20230803201933.0 010 $a1-118-54935-X 010 $a1-118-54933-3 035 $a(CKB)3710000000093455 035 $a(EBL)1651184 035 $a(SSID)ssj0001211635 035 $a(PQKBManifestationID)11715524 035 $a(PQKBTitleCode)TC0001211635 035 $a(PQKBWorkID)11204707 035 $a(PQKB)10678953 035 $a(PQKBManifestationID)16122203 035 $a(PQKB)22703315 035 $a(MiAaPQ)EBC1651184 035 $a(DLC) 2015299035 035 $a(JP-MeL)3000029487 035 $a(CaSebORM)9781118549339 035 $a(Au-PeEL)EBL1651184 035 $a(CaPaEBR)ebr10849248 035 $a(CaONFJC)MIL584485 035 $a(OCoLC)874321753 035 $a(EXLCZ)993710000000093455 100 $a20140326h20142014 uy 0 101 0 $aeng 135 $aur|n|---||||| 181 $ctxt 182 $cc 183 $acr 200 10$a1,001 chemistry practice problems for dummies /$fby Heather Hattori and Richard H. Langley 205 $a1st edition 210 1$aHoboken, New Jersey :$cJohn Wiley & Sons,$d2014. 210 4$dİ2014 215 $a1 online resource (435 p.) 225 1 $aFor Dummies 300 $aIncludes index. 311 $a1-118-54932-5 327 $aIntroduction -- The questions. Units and unit conversions ; Scientific notation and significant figures ; Matter and energy ; The atom and nuclear chemistry ; Periodicity and the periodic table ; Ionic bonding ; Covalent bonding ; Chemical reactions ; Molar calculations ; Thermochemistry ; Gases ; Solutions (The chemistry kind) ; Acids and bases ; Graphing basics -- The answers. Answers and explanations -- Appendix: The periodic table of elements. 330 $aThis handy guide gives you opportunities to practice solving problems that you'll encounter in your chemistry course. Every practice questions includes not only a solution but a detailed explanation.--$cSource other than Library of Congress. 410 0$a--For dummies. 606 $aChemistry$vProblems, exercises, etc 606 $aChemistry$vExaminations, questions, etc 606 $aChemistry$xExaminations$vStudy guides 615 0$aChemistry 615 0$aChemistry 615 0$aChemistry$xExaminations 676 $a540.76 700 $aHattori$b Heather$01139519 702 $aLangley$b Richard H. 801 0$bMiAaPQ 801 1$bMiAaPQ 801 2$bMiAaPQ 906 $aBOOK 912 $a9910813506303321 996 $a1,001 chemistry practice problems for dummies$94082917 997 $aUNINA